| 000 | 01323cam a2200349 i 4500 | ||
|---|---|---|---|
| 001 | zz2003874130 | ||
| 003 | NUKAT | ||
| 005 | 20260426145928.0 | ||
| 008 | 031119s1851 pl |001 0 pol c | ||
| 035 | _a(OCoLC)749219253 | ||
| 035 | _a(NUKAT)zz2003874130 | ||
| 040 |
_aGD U/EB _cGD U/EB _dGD U/as _dGD U/EBs _dWA U/AWU _dWR U/PAdjm |
||
| 100 | 1 |
_aBandtkie Stężyński, Jan Wincenty _d(1783-1846). _912871 |
|
| 245 | 1 | 0 |
_aPrawo prywatne polskie : _bnapisane i wykładane przed rokiem 1830 w b. Warszawskim Aleksandryjskim Uniwersytecie / _cprzez Jana Wincentego Bandtkie Stężyńskiego. |
| 250 | _aDzieło pogrobowe. | ||
| 260 |
_aWarszawa : _bw Drukarni Banku Polskiego, _c1851. |
||
| 300 |
_a[4], X, 480, XIV, [1] s. : _berr. ; _c23 cm. |
||
| 336 |
_aTekst _btxt _2rdacontent |
||
| 337 |
_aBez urządzenia pośredniczącego _bn _2rdamedia |
||
| 338 |
_aWolumin _bnc _2rdacarrier |
||
| 380 | _aKsiążki | ||
| 500 | _aErr. na s. [XV]. | ||
| 504 | _aIndeks. | ||
| 530 | _aDostępne również w formie elektronicznej. | ||
| 650 | 7 |
_aPrawo cywilne _2DBN _939348 |
|
| 650 | 7 |
_aPrawo prywatne _zPolska _xhistoria. _2kaba _940580 |
|
| 651 | 7 |
_aPolska _2DBN _935076 |
|
| 658 | _aHistoria | ||
| 658 | _aPrawo i wymiar sprawiedliwości | ||
| 856 | 4 | 1 | _uhttp://ebuw.uw.edu.pl/dlibra/docmetadata?id=228 |
| 942 |
_2ddc _cBK_NM |
||
| 999 |
_c27784 _d27784 |
||